| 000 | 00944 a2200253 4500 | ||
|---|---|---|---|
| 005 | 20080917140726.0 | ||
| 008 | 080917t xxu||||| |||| 00| 0 eng d | ||
| 010 | _aENG-87805 | ||
| 020 |
_c650.00 _a817487481X |
||
| 035 | _aEN-71338 | ||
| 037 | _bD.B.Act / Pub | ||
| 082 | _a954 | ||
| 100 | _aKapoor, A. N. | ||
| 245 |
_aIndependence and partition _cby A. N. Kapoor, V. P. Gupta and Mohini Gupta |
||
| 260 |
_aNew Delhi _bRadha Publications _c2007 |
||
| 270 |
_a4231/1, Ansari Road, Darya Ganj _bNew Delhi _e110 002 _k011-23254306, 011-23247003 |
||
| 300 |
_axviii, 293 p. _c22 cm. (Hb.) |
||
| 490 | _aCross-Currents of Indian History and Culture-V.8 | ||
| 500 | _ainclude index | ||
| 700 | _aGupta, V. P. | ||
| 700 | _aGupta, Mohini | ||
| 942 |
_adpl _cEN _k954 / KAP _2ddc _h954 _mKAP |
||
| 999 |
_c6987 _d6987 |
||